000 01118nam a22002175i 4500
001 162675
003 ES-MaACL
005 20230906212558.0
008 020402s1871 sp |||| | spa d
040 _aCAM
_bspa
_cCAM
100 1 _aPuente y Brañas, Ricardo.
_994166
245 1 0 _aCanto de ángeles
_b: zarzuela en un acto y en verso, escrita sobre un pensamiento de Alfonso Karr /
_cpor Ricardo Puente y Brañas ; música de José Rogel.
260 _aMadrid :
_b[s.n.],
_c1871 (
_fImprenta de José Rodriguez)
300 _a32 p. ;
_c20 cm.
310 _aSolo la letra
500 _aEn port.: Estrenada en el teatro de los Bufos Arderius, la noche del 13 de febrero de 1871.
500 _aPrecede al tít.: Repertorio de los bufos Arderius.
596 _aEn verso de port. consta: "... de la galería lírico-dramática titulada El Teatro, de los Sres. Hijos de A. Gullon ..."
700 1 _aRogel, José.
_9131984
852 _aES-MaACL
_jF-8581(12)
_z-- Enc. pasta española.
_q-- Falto de la cub. original
_z-- Enc. en un vol. facticio formando parte de la col. facticia "Teatro español moderno", vol. 34
999 _c162675
_d162675